| 000 | 00820cam a2200229 4500 | ||
|---|---|---|---|
| 001 | J112992 | ||
| 008 | 000000n2001 000 0 eng u | ||
| 035 | _a(Sirsi) u112992 | ||
| 110 |
_aRoyal Institution of Chartered Surveyors _94900 |
||
| 245 | _aStop! Consider a career in: international property development, environmental renewal, management consultancy... | ||
| 260 |
_aLondon _bRICS _c2001 |
||
| 300 | _a8p. ; 30cm. | ||
| 505 | _aPublicity material promoting a career in surveying to school leavers. Available free from customer services email [email protected] | ||
| 650 | _aCAREERS, EDUCATION AND TRAINING | ||
| 650 | _aSURVEYING | ||
| 650 | _aRICS | ||
| 650 | _aSCHOOL LEAVERS | ||
| 650 | _aDEGREE COURSES | ||
| 650 | _aPUBLICITY LEAFLETS | ||
| 690 | _aEDUCATION-CAREERS | ||
| 942 | _n0 | ||
| 999 |
_c101493 _d101493 |
||